| 000 | 00985nam a22002894i 4500 | ||
|---|---|---|---|
| 999 |
_c7943 _d7943 |
||
| 001 | 991061181671006706 | ||
| 003 | OSt | ||
| 005 | 20240930122457.0 | ||
| 008 | 240912e202312 spc|||||||||||||| ||spa|c | ||
| 017 |
_aDL. B 22480-2023 _bBiblioteca de Catalunya |
||
| 020 | _a9788411660570 | ||
| 040 |
_aES-BaUOC _bcat _erda _cCDMR |
||
| 100 | 1 | _aMolina Rodríguez-Navas, Pedro, | |
| 245 | 1 | 0 |
_aTransparencia y comunicación para entidades sin ánimo de lucro / _cPedro Molina Rodríguez-Navas |
| 264 | 1 |
_aBarcelona : _bEditorial UOC, _c2023 |
|
| 300 |
_a131 pàgines ; _c21 cm |
||
| 490 | 1 |
_aManuales (Editorial UOC). Comunicación _v; 732 |
|
| 504 | _aBibliografia | ||
| 650 | 0 |
_aOrganitzacions no governamentals _2lemac _94335 |
|
| 650 | 0 |
_aEntitats sense ànim de lucre _94974 |
|
| 650 | 0 |
_aTransparència política _94975 |
|
| 830 | 0 |
_aManuales (Editorial UOC) ; _v732 |
|
| 830 | 0 |
_aManuales (Editorial UOC). _pComunicación |
|
| 908 | _aUOC | ||
| 940 | _aUOC | ||
| 942 |
_2udc _cMON |
||